00318nam a2200109Ia 4500008004000000082001500040100002500055245004500080260004800125300001300173650002200186210210b1971 xxu||||| |||| 00| 0 eng d a333.7 DAGN aDAGLI (Vadilal), Ed. aNatural resources in the Indian economy. aBombaybVora & Co Publishers Pvt Ltd.c1971 aviii,366 aNatural resources